000 00600nam a22002177a 4500
003 UA-OsUOA
001 34013
007 ta
008 20050920b un ||||| |||| 00| 0 ukr d
100 _aПлатонов К. К.
090 _a159.9(038)
_bП-37
942 _cBK
040 _aUA-OsUOA
_bukr
_cUA-OsUOA
_dUA-OsUOA
245 _aКраткий словарь системы психологических понятий
300 _a174 с.
955 _a2
041 _aukr
080 _a159.9(038)
260 _aМ.
_bВысшая школа
_c1984
650 7 _a159.9 Психологія
_2UDC
999 _c320463
_d320463